| LEADER | 00479nam a2200193Ia 4500 | ||
|---|---|---|---|
| 008 | 240830s9999 xx 000 0 und d | ||
| 040 | |a B-ESTELÍ- RUACS / 530 J83 | ||
| 041 | |a spa | ||
| 082 | |a 530 J83 | ||
| 100 | 1 | |a Joseph, Alexander | |
| 100 | 1 | |b Leahy, Daniel J. | |
| 245 | 1 | 0 | |a Física Programada: Volumen I. Mecánica |
| 260 | |a México |b Limusa |c 1969 | ||
| 300 | |a 425 p:il | ||
| 650 | 7 | |a FÍSICA | |
| 650 | 7 | |b MECÁNICA | |
| 942 | |c BK |2 ddc | ||
| 991 | |a TEXTO | ||
| 999 | |c 11003 | ||